[Event "World School-ch U15 Girls"]
[Site "Antalya"]
[Date "2019.04.26"]
[Round "9"]
[White "Pashayeva, Jamila"]
[Black "Nurgali, Nazerke"]
[Result "0-1"]
[WhiteElo "1431"]
[BlackElo "2101"]
[PlyCount "64"]
[EventDate "2019.04.18"]
[EventType "swiss"]
[EventRounds "9"]
[EventCountry "TUR"]
[SourceTitle "CBM 190 Extra"]
[Source "ChessBase"]
[SourceDate "2019.07.15"]
[SourceVersion "1"]
[SourceVersionDate "2019.07.15"]
[SourceQuality "1"]

1. d4 d5 2. c4 e6 3. Nc3 Nf6 4. Nf3 Be7 5. Bg5 0-0 6. e3 h6 7. Bxf6 Bxf6 8. Qc2 b6 9. 0-0-0 Bb7 10. cxd5 exd5 11. h4 Qd7 12. Bd3 Na6 13. Bf5 Qe7 14. g4 g6 15. Bd3 Nb4 16. Qb1 Nxd3+ 17. Qxd3 Bg7 18. Nd2 c5 19. h5 cxd4 20. exd4 Qf6 21. Ne2 a5 22. Qf3 Rfe8 23. Rhe1 Qxf3 24. Nxf3 Bc8 25. hxg6 fxg6 26. Nh2 Ba6 27. Nf4 Rxe1 28. Rxe1 Bxd4 29. Nxd5 Rc8+ 30. Kb1 Bd3+ 31. Ka1 Rc2 32. Nc3 Rxc3 0-1

[Event "World School-ch U15 Girls"]
[Site "Antalya"]
[Date "2019.04.20"]
[Round "3"]
[White "Trzaskowska, Hanna"]
[Black "Pashayeva, Jamila"]
[Result "1-0"]
[WhiteElo "1505"]
[BlackElo "1431"]
[PlyCount "33"]
[EventDate "2019.04.18"]
[EventType "swiss"]
[EventRounds "9"]
[EventCountry "TUR"]
[SourceTitle "CBM 190 Extra"]
[Source "ChessBase"]
[SourceDate "2019.07.15"]
[SourceVersion "1"]
[SourceVersionDate "2019.07.15"]
[SourceQuality "1"]

1. e4 c5 2. Nf3 e6 3. d4 cxd4 4. Nxd4 Nf6 5. Nc3 d6 6. Be2 Be7 7. Be3 a6 8. 0-0 0-0 9. Qd2 Bd7 10. Rfe1 Nc6 11. Kh1 h5 12. a3 Nxd4 13. Qxd4 Bc6 14. e5 dxe5 15. Qxe5 Qc8 16. Qg3 Kh8 17. Bd3 1-0

[Event "EU-ch U12 Girls 27th"]
[Site "Mamaia"]
[Date "2017.09.09"]
[Round "5"]
[White "Soares, Sara Joana de Moura"]
[Black "Pashayeva, Jamila"]
[Result "1/2-1/2"]
[WhiteElo "1207"]
[BlackElo "1451"]
[PlyCount "50"]
[EventDate "2017.09.05"]
[EventType "swiss"]
[EventRounds "9"]
[EventCountry "ROU"]
[SourceTitle "EXT 2018"]
[Source "ChessBase"]
[SourceDate "2017.10.13"]
[SourceVersion "1"]
[SourceVersionDate "2017.10.13"]
[SourceQuality "1"]

1. e4 e6 2. d4 d5 3. Nc3 Nf6 4. e5 Nfd7 5. f4 c5 6. Nf3 Nc6 7. Be3 a6 8. Qd2 cxd4 9. Nxd4 Bc5 10. Rd1 Nxd4 11. Bxd4 0-0 12. Be2 Qh4+ 13. g3 Qh3 14. Bxc5 Nxc5 15. Bf3 Nd7 16. Bg2 Qh6 17. 0-0 b5 18. Ne2 Bb7 19. Nd4 Rac8 20. c3 Nb6 21. Qe2 g6 22. Rfe1 Rfd8 23. Qf2 Nc4 24. Ra1 Bc6 25. Nb3 Qf8 1/2-1/2

[Event "Wch U12 Girls"]
[Site "Batumi"]
[Date "2016.10.19"]
[Round "1"]
[White "Pashayeva, Jamila"]
[Black "Covrig, Larisa Raluca"]
[Result "0-1"]
[WhiteElo "1223"]
[BlackElo "1671"]
[PlyCount "70"]
[EventDate "2016.10.19"]
[EventType "swiss"]
[EventRounds "11"]
[EventCountry "GEO"]
[SourceTitle "EXT 2018"]
[Source "ChessBase"]
[SourceDate "2017.10.13"]
[SourceVersion "1"]
[SourceVersionDate "2017.10.13"]
[SourceQuality "1"]

1. Nf3 f5 2. g3 Nf6 3. Bg2 e6 4. 0-0 d5 5. c4 c6 6. cxd5 exd5 7. d3 Bd6 8. Nc3 0-0 9. Bg5 h6 10. Bxf6 Qxf6 11. e4 fxe4 12. dxe4 Bg4 13. Qb3 Na6 14. Nd2 Nc5 15. Qc2 d4 16. e5 Bxe5 17. Nce4 Nxe4 18. Nxe4 Qf7 19. f4 Bc7 20. Qd2 Rad8 21. Qb4 Bb6 22. a4 d3+ 23. Kh1 Be2 24. Rfe1 Rd4 25. Qc3 Rc4 26. Qa3 Rc2 27. a5 Bd4 28. Nc3 Bxc3 29. bxc3 Rd8 30. Rac1 Rxc1 31. Rxc1 d2 32. Ra1 d1Q+ 33. Rxd1 Rxd1+ 34. Bf1 Qd5+ 35. Kg1 Rxf1# 0-1